00483nam a2200193Ia 4500003000400000005001700004008004100021020001800062040000700080041000800087082001600095100001800111245005000129260004700179300001700226365001300243650001900256650001400275OSt20230509094554.0210423s2004 xx 000 0 und d a81-7629-588-4 cAL aeng a305.56 BHOM aBHOSALE(B V ) aMobilisation of Backward Communities in India aNEW DELHIbDeep and deep publicationc2004 axlii,298bHB b680cINR aSocial Classes aSociology